Má Vlast, symfonická suita - Statistics

General Stats
  • This quiz has been taken 69 times
  • The average score is 5 of 6
Answer Stats
# vodítko skladba % Correct
2 Pražská řeka Vltava
100%
1 Hrad v Praze Vyšehrad
84%
3 Samice bojovník z legendy Dívčí válka Šárka
75%
6 Malá česká hora, nastavení pro mnoho legend Blaník
73%
5 Malé české město (pop 35.000) Tábor
64%
4 Obecné české krajiny Z českých luhů a hájů
59%
No matching quizzes found
Score Distribution
Percent of People with Each Score
Percentile by Number Answered
Your Score History
You have not taken this quiz